000 00546nam a2200181 4500
001 135901
003 ES-MaACL
005 20230906195002.0
007 t|
008 070214s1970 sp r ||||1| spa d
100 1 _aRoussel, Raymond.
_9100072
245 1 0 _aLocus solus /
_cRaymond Roussel ; traducción de José Escué, Juan Alberto Ollé.
260 _aBarcelona :
_bSeix Barral,
_c1970.
300 _a305 p. ;
_c20 cm.
700 1 _aEscué, Josep.
_947715
700 1 _aOllé, Juan Alberto.
_986900
852 _aES-MaACL
_jC-39885
_bR.76076
999 _c135901
_d135901